000 00689nam a2200253Ia 4500
003 OSt
005 20220925200348.0
006 a|||||r|||| 00| 0
007 ta
008 220923b |||||||| |||| 00| 0 eng d
020 _a85251134
037 _cGeneral Book
040 _aRTL
_cRTL
_beng
041 _2eng
_aeng
082 _aY:434.1(X).N9, N2
100 _aRehman M M
_9257394
245 0 _aSociety, economy and education of the deprived
260 _aDelhi
_bAnupama
_c1992
300 _axxv, 441p
_ccm.
500 _aBibliography: P 435-41
650 _aPoverty
942 _hY:434.1(X).N9, N2
_cGB
_2CC
999 _c536319
_d536319